| 000 | 00523cam a22001815a 4500 | ||
|---|---|---|---|
| 001 | L129473 | ||
| 008 | 050421s1837 xxk 000 0 eng u | ||
| 035 | _a(Sirsi) u129473 | ||
| 041 | _aeng | ||
| 110 |
_aTithe Commission _94696 |
||
| 245 | _aCopy of papers respecting the proposed survey of lands under the Tithe Act | ||
| 260 | _c1837 | ||
| 300 |
_a17p. _bill. _c34cm. |
||
| 583 |
_aCondition reviewed _c20120612 _lcondition level 4 |
||
| 651 | 4 |
_aGreat Britain _y1707- |
|
| 690 | _aFinance and taxation | ||
| 942 | _n0 | ||
| 999 |
_c104206 _d104206 |
||